<?xml version="1.0" encoding="UTF-8"?>
<record
    xmlns:xsi="http://www.w3.org/2001/XMLSchema-instance"
    xsi:schemaLocation="http://www.loc.gov/MARC21/slim http://www.loc.gov/standards/marcxml/schema/MARC21slim.xsd"
    xmlns="http://www.loc.gov/MARC21/slim">

  <leader>01105nam a2200265 a 4500</leader>
  <controlfield tag="001">BRCA_4441</controlfield>
  <controlfield tag="005">20190320204654.0</controlfield>
  <controlfield tag="008">240810s1938----nyua######---#000-0#eng-#</controlfield>
  <datafield tag="041" ind1=" " ind2=" ">
    <subfield code="a">eng</subfield>
  </datafield>
  <datafield tag="044" ind1=" " ind2=" ">
    <subfield code="a">nyu</subfield>
  </datafield>
  <datafield tag="050" ind1=" " ind2="4">
    <subfield code="a">NK4310</subfield>
    <subfield code="b">.V36 1 1938</subfield>
  </datafield>
  <datafield tag="100" ind1="1" ind2=" ">
    <subfield code="a">Van de Put, Albert</subfield>
    <subfield code="9">11251</subfield>
  </datafield>
  <datafield tag="245" ind1="1" ind2="0">
    <subfield code="a">The Valencian Styles of Hispano-Moresque Pottery 1404-1454, etc.</subfield>
    <subfield code="b">a companion to the Apuntes sobre Cer&#xE1;mica Morisca of the late G. J. De Osma</subfield>
    <subfield code="c">by A. Van de Put.</subfield>
  </datafield>
  <datafield tag="260" ind1=" " ind2=" ">
    <subfield code="a">Nueva York</subfield>
    <subfield code="b">Order of the Trustees</subfield>
    <subfield code="c">1938</subfield>
  </datafield>
  <datafield tag="300" ind1=" " ind2=" ">
    <subfield code="a">vii, 99 p.</subfield>
    <subfield code="b">il., 7 l&#xE1;minas</subfield>
    <subfield code="c">17 cm.</subfield>
  </datafield>
  <datafield tag="440" ind1=" " ind2="0">
    <subfield code="a">Hispanic notes &amp; monographs: essays, studies, and brief biographies issued by the Hispanic Society of America</subfield>
    <subfield code="p">Peninsular series</subfield>
    <subfield code="9">11252</subfield>
  </datafield>
  <datafield tag="500" ind1=" " ind2=" ">
    <subfield code="a">Incluye &#xED;ndice de ilustraciones e &#xED;ndice alfab&#xE9;tico</subfield>
  </datafield>
  <datafield tag="500" ind1=" " ind2=" ">
    <subfield code="a">Ejemplar igual a M65 y 31-51 (3151)</subfield>
  </datafield>
  <datafield tag="500" ind1=" " ind2=" ">
    <subfield code="a">M20</subfield>
  </datafield>
  <datafield tag="504" ind1=" " ind2=" ">
    <subfield code="a">Bibliograf&#xED;a: p. 91-93</subfield>
    <subfield code="x">Apuntes sobre Cer&#xE1;mica Morisca</subfield>
  </datafield>
  <datafield tag="650" ind1="1" ind2="4">
    <subfield code="a">Cer&#xE1;mica hispano-morisca</subfield>
    <subfield code="9">11253</subfield>
  </datafield>
  <datafield tag="700" ind1="1" ind2=" ">
    <subfield code="a">Osma, Guillermo Joaqu&#xED;n de</subfield>
    <subfield code="t">Apuntes sobre Cer&#xE1;mica Morisca</subfield>
    <subfield code="9">11254</subfield>
  </datafield>
  <datafield tag="902" ind1=" " ind2=" ">
    <subfield code="a">GFM</subfield>
  </datafield>
  <datafield tag="942" ind1=" " ind2=" ">
    <subfield code="2">lcc</subfield>
    <subfield code="c">B</subfield>
  </datafield>
  <datafield tag="999" ind1=" " ind2=" ">
    <subfield code="c">4150</subfield>
    <subfield code="d">4150</subfield>
  </datafield>
  <datafield tag="952" ind1=" " ind2=" ">
    <subfield code="0">0</subfield>
    <subfield code="1">0</subfield>
    <subfield code="4">0</subfield>
    <subfield code="7">0</subfield>
    <subfield code="a">BRCA</subfield>
    <subfield code="b">BRCA</subfield>
    <subfield code="d">2010-08-24</subfield>
    <subfield code="i">M20</subfield>
    <subfield code="l">0</subfield>
    <subfield code="o">NK4310 .V36 1 1938 (M20)</subfield>
    <subfield code="p">4438</subfield>
    <subfield code="r">2019-03-22 00:00:00</subfield>
    <subfield code="w">2019-03-22</subfield>
    <subfield code="y">B</subfield>
  </datafield>
</record>
